00510cam a2200193 a 45000010009000000050017000090080041000260100017000670200018000840400013001020410008001150420008001230800009001310820012001401000007001521010008001592450083001675040066002501667078320180112101229.0110228s2011 enka b 001 0 eng  a 2011288043 a9780199569120 aDLCcDLC aeng apcc a371  2371 RUX1 a46 aEDU10aExperimental design for the life sciences /cGraeme D. Ruxton, Nick Colegrave. aIncludes bibliographical references (p. [172]-175) and index.